000 00602nam a2200229Ia 4500
003 OSt
005 20221007060832.0
006 a|||||r|||| 00| 0
007 ta
008 221006b |||||||| |||| 00| 0 eng d
024 _a20,707
037 _cTextual
040 _aFLL
_cFLL
_beng
041 _2eng
_aeng
082 _aZ2:3y7, L4
100 _aPuri P. Au.
_9681441
245 0 _aCases and materials on contract
260 _aAllahabad
_bAllahabad law agency India
_c1974
300 _a604p
_ccm.
942 _hZ2:3y7, L4
_cTEXL
_2CC
999 _c1123503
_d1123503